|
|
|
|
| LEADER |
02589nam a22003733i 4500 |
| 001 |
EBC6752054 |
| 003 |
MiAaPQ |
| 005 |
20240729202203.0 |
| 006 |
m o d | |
| 007 |
cr cnu|||||||| |
| 008 |
240729s2015 xx o ||||0 ger d |
| 020 |
|
|
|a 9783839402597
|q (electronic bk.)
|
| 035 |
|
|
|a (MiAaPQ)EBC6752054
|
| 035 |
|
|
|a (Au-PeEL)EBL6752054
|
| 035 |
|
|
|a (OCoLC)979816598
|
| 040 |
|
|
|a MiAaPQ
|b eng
|e rda
|e pn
|c MiAaPQ
|d MiAaPQ
|
| 100 |
1 |
|
|a Rügemer, Werner.
|
| 245 |
1 |
4 |
|a Die Berater :
|b Ihr Wirken in Staat und Gesellschaft.
|
| 250 |
|
|
|a 1st ed.
|
| 264 |
|
1 |
|a Bielefeld :
|b Transcript Verlag,
|c 2015.
|
| 264 |
|
4 |
|c {copy}2004.
|
| 300 |
|
|
|a 1 online resource (244 pages)
|
| 336 |
|
|
|a text
|b txt
|2 rdacontent
|
| 337 |
|
|
|a computer
|b c
|2 rdamedia
|
| 338 |
|
|
|a online resource
|b cr
|2 rdacarrier
|
| 490 |
1 |
|
|a X-Texte Zu Kultur und Gesellschaft Series
|
| 505 |
0 |
|
|a Intro -- Inhalt -- Einleitung -- Aussteiger -- Der Berater, seine Zeit, seine Kunden und sein Körper. Aus dem Tagebuch eines Aussteigers -- Wie ich zum ›whistle blower‹ wurde -- Wirtschaftsprüfer und was ich mit ihnen erlebte -- Wer sind die Berater? -- Neoliberale Think-Tanks in Deutschland -- »Wir beraten nur« - Deutschlands einflussreichste Pharmalobbyistin. Ein Portrait -- Der Mythos der ökonomischen Effizienz. Berater als Akteure der neoliberalen Globalisierung -- Bildung und Wissenschaft -- Die ›unsichtbare Hand‹ des Marktes in der Schule -- Hochschulen zwischen Überrumpelung und Coaching -- Soziales und Kultur -- McKinsey beim Erzbischof -- Kultur - Die subversive Kraft der Beratungen -- Kommunen -- Das »dortmund-project« -- Beraten und verkauft: Die Kommunen -- Länderregierungen und Europäische Kommission -- Die Beratungslust der Landesfürsten - Beispiel Bayern -- Die Rolle der Berater in der Privatisierungsoffensive der EU -- Anhang -- Berateraufträge in öffentlichen Verwaltungen und Unternehmen (Auswahl) -- Autoren -- Namens-, Sach- und Firmenverzeichnis.
|
| 588 |
|
|
|a Description based on publisher supplied metadata and other sources.
|
| 590 |
|
|
|a Electronic reproduction. Ann Arbor, Michigan : ProQuest Ebook Central, 2024. Available via World Wide Web. Access may be limited to ProQuest Ebook Central affiliated libraries.
|
| 655 |
|
4 |
|a Electronic books.
|
| 776 |
0 |
8 |
|i Print version:
|a Rügemer, Werner
|t Die Berater
|d Bielefeld : Transcript Verlag,c2015
|
| 797 |
2 |
|
|a ProQuest (Firm)
|
| 830 |
|
0 |
|a X-Texte Zu Kultur und Gesellschaft Series
|
| 856 |
4 |
0 |
|u https://ebookcentral.proquest.com/lib/matrademy/detail.action?docID=6752054
|z Click to View
|